000 00649nam a22001457a 4500
020 _a978-1-4088-9465-1
082 _a823
_bROW/H
100 _aROWLING, J K
245 _aHARRY POTTER
_bAND THE GOBLET OF FIRE
260 _aLONDON
_bBLOOMSBURY
_c2018
300 _a617
520 _aIt follows Harry Potter, a wizard in his fourth year at Hogwarts School of Witchcraft and Wizardry, and the mystery surrounding the entry of Harry's name into the Triwizard Tournament, in which he is forced to compete. The book was published in the United Kingdom by Bloomsbury and in the United States by Scholastic.
650 _aNOVEL
_zUNITED KINGDOM
942 _cBK
999 _c3830
_d3830